US Airports by Runway Layout - Statistics

General Stats
  • This quiz has been taken 259 times
  • The average score is 17 of 29
Answer Stats
Picture Answer % Correct
Chicago O'Hare International Airport
78%
Denver International Airport
78%
Hartsfield-Jackson Atlanta International Airport
78%
Chicago Midway International Airport
76%
Dallas Fort Worth International Airport
75%
John F. Kennedy International Airport
74%
San Francisco International Airport
74%
Los Angeles International Airport
73%
LaGuardia Airport
69%
Newark Liberty International Airport
69%
Ronald Reagan Washington National Airport
64%
Orlando International Airport
63%
Harry Reid International Airport
59%
Seattle-Tacoma International Airport
59%
Boston Logan International Airport
57%
Miami International Airport
57%
San Diego International Airport
56%
Dulles International Airport
54%
Phoenix Sky Harbor International Airport
49%
George Bush Intercontinental Airport
48%
Detroit Metropolitan Airport
47%
Minneapolis-Saint Paul International Airport
46%
Charlotte Douglas International Airport
44%
Daniel K. Inouye International Airport
41%
Philadelphia International Airport
41%
Baltimore-Washington International Airport
38%
Salt Lake City International Airport
37%
Tampa International Airport
37%
Fort Lauderdale-Hollywood International Airport
34%
No matching quizzes found
Score Distribution
Percent of People with Each Score
Percentile by Number Answered
Your Score History
You have not taken this quiz